000 00331nam a2200121Ia 4500
008 220120s9999||||xx |||||||||||||| ||und||
020 _a0-07-116468-5
100 _aRoth, Charles, H
245 0 _aDigital systems design using VHDL
260 _aThomsan brooks cole
_bBoston
_c2005
300 _b495
650 _aOPTICAL COMMUNICATION
999 _c132134
_d132134